[Event "Continental"]
[Site "Sao Paulo BRA"]
[Date "2009.07.30"]
[Round "7.123"]
[White "Ferreira, Jonas de Vargas"]
[Black "Martins, Vilker Germano"]
[Result "1/2-1/2"]
[WhiteElo "1771"]
[BlackElo "2009"]
[EventDate "2009.07.25"]
[PlyCount "52"]

1.e4 d6 2.d4 g6 3.Nc3 Bg7 4.Be3 Nf6 5.Qd2 Ng4 6.Bg5 h6 7.Bh4 g5 8.Bg3 e5 
9.Nf3 Nd7 10.h3 exd4 11.Nxd4 Ngf6 12.Nf5 Bf8 13.O-O-O Nc5 14.Nd4 Bd7 15.e5
Nfe4 16.Nxe4 Nxe4 17.Qe3 d5 18.Bh2 Nc5 19.f4 Ne6 20.f5 Nxd4 21.Qxd4 Bxf5 
22.e6 f6 23.Be2 Be7 24.Bb5+ Kf8 25.Rde1 c6 26.Rhf1 Be4 1/2-1/2

[Event "Continental"]
[Site "Sao Paulo BRA"]
[Date "2009.07.30"]
[Round "7.125"]
[White "Neto, Joao Batista Aragao"]
[Black "Costa, Romualdo Mendonca da"]
[Result "0-1"]
[WhiteElo "1859"]
[BlackElo "1813"]
[EventDate "2009.07.25"]
[PlyCount "65"]

1.e4 e5 2.Nf3 Nc6 3.Bb5 a6 4.Ba4 Nf6 5.d3 b5 6.Bb3 d6 7.c3 Be7 8.Nbd2 Na5 
9.Bc2 c5 10.Nf1 O-O 11.Ng3 g6 12.Bh6 Re8 13.h3 Bf8 14.Be3 Qc7 15.O-O Bb7 
16.Qd2 Rad8 17.Bg5 Bg7 18.Qe3 d5 19.b3 Rd7 20.Nh2 d4 21.cxd4 cxd4 22.Qd2 
Nc6 23.b4 Nxb4 24.Bb3 Qc3 25.Rfd1 Qxd2 26.Rxd2 Rc7 27.a3 Nc6 28.f4 h6 29.
Bxf6 Bxf6 30.f5 Bc8 31.Re2 Na5 32.Ba2 Kg7 33.Nf3 0-1

[Event "Continental"]
[Site "Sao Paulo BRA"]
[Date "2009.07.30"]
[Round "7.126"]
[White "Van Riemsdijk, Marius Rombout"]
[Black "Braga, Marcelo Melem"]
[Result "1/2-1/2"]
[WhiteElo "1854"]
[BlackElo "1769"]
[EventDate "2009.07.25"]
[PlyCount "38"]

1.e4 c6 2.d4 d5 3.f3 dxe4 4.fxe4 Nf6 5.Nc3 Bg4 6.Be2 Bxe2 7.Ngxe2 e6 8.O-O
Be7 9.e5 Nd5 10.Nf4 Nxf4 11.Bxf4 Qb6 12.Ne4 Nd7 13.c3 O-O-O 14.b4 f6 15.
exf6 gxf6 16.Qb3 e5 17.Be3 Rhf8 18.Nc5 Nxc5 19.bxc5 Qxb3 1/2-1/2

[Event "Continental"]
[Site "Sao Paulo BRA"]
[Date "2009.07.30"]
[Round "7.128"]
[White "Medina, Diana Sanroman Baeta"]
[Black "Oliveira, Francemir Barra de"]
[Result "1-0"]
[WhiteElo "1699"]
[BlackElo "1861"]
[EventDate "2009.07.25"]
[PlyCount "81"]

1.d4 Nf6 2.Nf3 e6 3.c4 d5 4.cxd5 exd5 5.Nc3 c6 6.Bf4 Be7 7.e3 Bg4 8.h3 Bh5
9.Be2 Nbd7 10.O-O O-O 11.a3 h6 12.b4 Bg6 13.b5 Rc8 14.bxc6 bxc6 15.Ba6 Ra8
16.Bb7 Rc8 17.Bxc8 Qxc8 18.Ne5 Nxe5 19.Bxe5 Bf5 20.Bxf6 gxf6 21.Qh5 Kh7 
22.g4 Bg6 23.Qh4 Qe6 24.Qg3 Rg8 25.Kh1 Bd6 26.f4 f5 27.Rg1 fxg4 28.hxg4 
Be4+ 29.Nxe4 Qxe4+ 30.Kh2 f6 31.Rab1 Rg7 32.Rbc1 Rc7 33.Qh3 c5 34.g5 fxg5 
35.Rxg5 Bxf4+ 36.exf4 Qxf4+ 37.Rg3 Re7 38.Rg1 cxd4 39.Qh5 Re6 40.Qf5+ Qxf5
41.Rg7+ 1-0

[Event "Continental"]
[Site "Sao Paulo BRA"]
[Date "2009.07.30"]
[Round "7.129"]
[White "Machado, Gilmar Dias"]
[Black "Sousa, Matheus Mazim de"]
[Result "1-0"]
[WhiteElo "1960"]
[BlackElo "1817"]
[EventDate "2009.07.25"]
[PlyCount "69"]

1.e4 c5 2.d4 cxd4 3.c3 Nc6 4.cxd4 d5 5.e5 Bf5 6.Nf3 e6 7.Bd3 Bb4+ 8.Nc3 
Nge7 9.a3 Ba5 10.O-O O-O 11.Bg5 Qd7 12.Bb5 Rac8 13.Na4 a6 14.Nc5 Qc7 15.
Be2 Bb6 16.b4 h6 17.Bh4 Bh7 18.g4 Ng6 19.Bg3 a5 20.Qd2 axb4 21.axb4 Ra8 
22.Rac1 Qe7 23.h4 Bxc5 24.Rxc5 Rfc8 25.Rfc1 Qe8 26.Bb5 Nge7 27.Qb2 Qd8 28.
Be2 Qb6 29.b5 Na7 30.h5 Kf8 31.Bf4 Qd8 32.Qd2 Kg8 33.g5 Qf8 34.Nh4 Nf5 35.
Nxf5 1-0

[Event "Continental"]
[Site "Sao Paulo BRA"]
[Date "2009.08.01"]
[Round "10.13"]
[White "Cornejo, Max"]
[Black "Fier, Alexandr"]
[Result "0-1"]
[WhiteElo "2371"]
[BlackElo "2604"]
[EventDate "2009.07.25"]
[PlyCount "166"]

1.e4 Nf6 2.e5 Nd5 3.d4 d6 4.c4 Nb6 5.exd6 exd6 6.Nc3 Be7 7.Bd3 Nc6 8.Nge2 
Nb4 9.Bb1 O-O 10.O-O Bg4 11.f3 Bh5 12.Nf4 Bg6 13.Nxg6 hxg6 14.a3 Nc6 15.
Ba2 Bf6 16.Be3 Ne7 17.Bf2 d5 18.c5 Nc4 19.b3 Na5 20.b4 Nac6 21.b5 Na5 22.
Qd3 c6 23.bxc6 bxc6 24.Ne2 Re8 25.Rab1 Qc8 26.Ng3 Nb7 27.Rb4 Nd8 28.Bb3 
Ne6 29.Ba4 Nf4 30.Qd2 g5 31.Ne2 Neg6 32.Nxf4 Nxf4 33.Be3 Ne6 34.Qd3 g6 35.
Rfb1 Re7 36.g3 Kg7 37.Bf2 Nd8 38.Bc2 Re8 39.Qf1 Rh8 40.Bd3 Ne6 41.Ba6 Qd7 
42.R1b2 Rh7 43.Kh1 Rah8 44.Bg1 Nd8 45.Bd3 Re8 46.Ba6 Rhh8 47.Re2 Rxe2 48.
Qxe2 Re8 49.Qd1 Qe6 50.Rb1 Qf5 51.Bd3 Qc8 52.Qa4 Re7 53.Qa6 Qd7 54.Bf1 Qf5
55.Qd3 Qxd3 56.Bxd3 Ne6 57.Rb4 a5 58.Rb6 Rc7 59.Ra6 Bxd4 60.Rxa5 Bxg1 61.
Kxg1 Rb7 62.Bf1 Rb2 63.Ra4 Nxc5 64.Rb4 Ra2 65.Rb6 Nd7 66.Rxc6 Ne5 67.Rc3 
d4 68.Rb3 d3 69.Rxd3 Nxd3 70.Bxd3 f5 71.Bf1 Kf6 72.a4 Rxa4 73.Be2 Ra2 74.
Bf1 Ke5 75.h3 f4 76.g4 Ra1 77.Kf2 Rxf1+ 78.Kxf1 Kd4 79.Ke2 Kc3 80.h4 gxh4 
81.g5 h3 82.Kf2 Kd2 83.Kg1 Ke2 0-1

[Event "Continental"]
[Site "Sao Paulo BRA"]
[Date "2009.08.01"]
[Round "10.16"]
[White "Santos, Marcus Vinicius Moreira"]
[Black "Mekhitarian, Krikor Sevag"]
[Result "1-0"]
[WhiteElo "2390"]
[BlackElo "2488"]
[EventDate "2009.07.25"]
[PlyCount "109"]

1.d4 Nf6 2.c4 g6 3.Nc3 d5 4.Nf3 Bg7 5.Bg5 dxc4 6.Qa4+ c6 7.Qxc4 Qb6 8.e4 
O-O 9.Be2 Na6 10.O-O h6 11.Bh4 Be6 12.Qd3 Rfe8 13.h3 Rad8 14.Rfd1 Qxb2 15.
Rab1 Qa3 16.Qe3 Nb4 17.d5 cxd5 18.exd5 Bf5 19.Rb3 Qa5 20.Bb5 Nfxd5 21.Rxd5
Nxd5 22.Nxd5 Bd7 23.Nxe7+ Kh7 24.Bc4 Bc6 25.Bxf7 Rd1+ 26.Kh2 Qc7+ 27.g3 
Rxe7 28.Bxe7 Bxf3 29.Qxf3 Rd7 30.Bxg6+ Kxg6 31.Qe4+ Kf7 32.Rf3+ Kg8 33.
Qe6+ Kh8 34.Bf8 Qc6 35.Bxg7+ Rxg7 36.Rf8+ Kh7 37.Qf5+ Rg6 38.Rf7+ Kg8 39.
Rxb7 Qxb7 40.Qxg6+ Kf8 41.Qxh6+ Kg8 42.Qg5+ Kh8 43.Qe5+ Kg8 44.h4 Qf7 45.
Qe2 a5 46.Kg1 Qd5 47.Qc2 Kg7 48.Qb3 Qc5 49.Qe3 Qb4 50.a3 Qb1+ 51.Kg2 Qb7+ 
52.Qf3 Qb5 53.h5 a4 54.Qg4+ Kh8 55.h6 1-0

[Event "Continental"]
[Site "Sao Paulo BRA"]
[Date "2009.08.01"]
[Round "10.17"]
[White "El Debs, Felipe De Cresce"]
[Black "Livshits, Ron"]
[Result "1/2-1/2"]
[WhiteElo "2467"]
[BlackElo "2332"]
[EventDate "2009.07.25"]
[PlyCount "177"]

1.Nf3 Nf6 2.c4 c5 3.Nc3 b6 4.g3 Bb7 5.Bg2 g6 6.O-O Bg7 7.d4 cxd4 8.Qxd4 d6
9.Qh4 Nbd7 10.Bh6 O-O 11.Rad1 Rc8 12.Rd4 Rc5 13.Ng5 Bxg2 14.Kxg2 Qa8+ 15.
Kg1 Re8 16.b4 Rcc8 17.Nd5 Bh8 18.Ne3 b5 19.cxb5 a6 20.a4 axb5 21.a5 Qc6 
22.Qh3 Ne5 23.Rh4 Qd7 24.Qxd7 Nexd7 25.Rd4 Nb8 26.Rb1 Nc6 27.Rdd1 d5 28.
Nf3 e6 29.Nc2 Ne4 30.Bd2 Nxa5 31.bxa5 Rxc2 32.Rxb5 Bc3 33.Rc1 Rxc1+ 34.
Bxc1 Ra8 35.Ng5 Nxg5 36.Bxg5 Rxa5 37.Rxa5 Bxa5 38.Bf6 Bb4 39.f4 Kf8 40.Kf2
Be7 41.Bd4 Ke8 42.Kf3 Kd7 43.Ke3 Kc6 44.Kd3 Bc5 45.Be5 Bg1 46.h3 Bc5 47.g4
Bd6 48.Kd4 h6 49.e3 Bc5+ 50.Kd3 Kb5 51.Bg7 h5 52.gxh5 gxh5 53.Bf6 Kb4 54.
Bc3+ Kb3 55.Bf6 Kb4 56.e4 Kb5 57.f5 Kc6 58.fxe6 fxe6 59.exd5+ Kxd5 60.Bg7 
e5 61.Ke2 e4 62.Kf1 Ke6 63.Bh6 Kf5 64.Bd2 Bd6 65.Be3 Bf4 66.Bc5 Ke6 67.Bb6
Kd5 68.Ke2 Bd6 69.Be3 Be5 70.Bb6 Bd4 71.Bc7 Ke6 72.Kf1 Kf5 73.Kg2 Be5 74.
Bb6 Kf4 75.Kf2 Bc3 76.Bc7+ Kf5 77.Bd6 Bd4+ 78.Kf1 Kg5 79.Bg3 Be3 80.Kg2 
Kf5 81.Bc7 Ke6 82.Kf1 Bd4 83.Bf4 Be5 84.Be3 Kd5 85.Ke2 Bd6 86.Kf1 Bc5 87.
Bh6 Ke5 88.Bd2 Kf5 89.Kg2 1/2-1/2

[Event "Continental"]
[Site "Sao Paulo BRA"]
[Date "2009.08.01"]
[Round "10.18"]
[White "Duarte, Leonardo"]
[Black "Cubas, Jose Fernando"]
[Result "0-1"]
[WhiteElo "2373"]
[BlackElo "2454"]
[EventDate "2009.07.25"]
[PlyCount "68"]

1.d4 d5 2.c4 Nc6 3.Nf3 Bg4 4.cxd5 Bxf3 5.dxc6 Bxc6 6.Nc3 e6 7.e4 Bb4 8.f3 
f5 9.e5 Qh4+ 10.g3 Qh5 11.Be2 O-O-O 12.Qb3 Ba5 13.Kf2 Kb8 14.Be3 g5 15.d5 
exd5 16.Bxa7+ Kxa7 17.Qa3 Qe8 18.Qxa5+ Kb8 19.Rhe1 h5 20.Nb5 Bxb5 21.Bxb5 
Qe7 22.Rac1 h4 23.Kg2 hxg3 24.hxg3 g4 25.fxg4 Rh7 26.Rh1 Nf6 27.Rc3 Rxh1 
28.Ra3 Qxa3 29.Qxa3 Rdh8 30.gxf5 Ne4 31.Kf3 Re1 32.Qe7 c5 33.e6 Rg8 34.f6 
Rh1 0-1

[Event "Continental"]
[Site "Sao Paulo BRA"]
[Date "2009.08.01"]
[Round "10.19"]
[White "Disconzi da Silva, Rodrigo"]
[Black "Liascovich, Lucas"]
[Result "0-1"]
[WhiteElo "2366"]
[BlackElo "2444"]
[EventDate "2009.07.25"]
[PlyCount "68"]

1.Nf3 d5 2.c4 d4 3.b4 f6 4.e3 e5 5.c5 d3 6.Qa4+ Bd7 7.b5 Bf5 8.Ba3 Nd7 9.
c6 bxc6 10.bxc6 Nb6 11.Qb3 Ne7 12.Nc3 Nxc6 13.Bxf8 Rxf8 14.Nh4 Qd7 15.Nxf5
Qxf5 16.Qb5 Qd7 17.Bxd3 O-O-O 18.O-O Qxd3 19.Qxc6 Qc4 20.Qf3 Rxd2 21.Rfc1 
Rfd8 22.h3 Kb8 23.a4 a5 24.Kh2 R8d7 25.Rab1 Qd3 26.Rb5 f5 27.Rxe5 Qd6 28.
Qg3 Rxf2 29.Kh1 Rd2 30.Re8+ Kb7 31.Qxd6 R7xd6 32.Rf1 Rg6 33.Rg1 Rd3 34.Nd5
Nxd5 0-1

[Event "Continental"]
[Site "Sao Paulo BRA"]
[Date "2009.08.01"]
[Round "10.20"]
[White "Perez, Federico"]
[Black "Santiago, Yago de Moura"]
[Result "1/2-1/2"]
[WhiteElo "2435"]
[BlackElo "2327"]
[EventDate "2009.07.25"]
[PlyCount "62"]

1.e4 c5 2.Nc3 d6 3.Nge2 Nf6 4.d4 cxd4 5.Nxd4 a6 6.Be2 e5 7.Nb3 Be7 8.Bg5 
Be6 9.Bxf6 Bxf6 10.Qd3 Nc6 11.O-O-O Nd4 12.Nxd4 exd4 13.Nd5 Bxd5 14.exd5 
O-O 15.Kb1 b5 16.h4 Re8 17.Bf3 Qc7 18.Be4 h6 19.Qf3 Qe7 20.Bd3 Bxh4 21.Qf5
g6 22.Qh3 Bg5 23.g3 Qf8 24.f4 Bf6 25.g4 Re3 26.Qh2 Qg7 27.f5 Be5 28.Qxh6 
Qxh6 29.Rxh6 Bf4 30.Rhh1 Kg7 31.Rdf1 Bg5 1/2-1/2

[Event "Continental"]
[Site "Sao Paulo BRA"]
[Date "2009.08.01"]
[Round "10.21"]
[White "Prasca Sosa, Rafael"]
[Black "Alvarez Ramirez, Miguel Angel"]
[Result "1-0"]
[WhiteElo "2414"]
[BlackElo "2236"]
[EventDate "2009.07.25"]
[PlyCount "95"]

1.e4 c5 2.Nf3 d6 3.d4 cxd4 4.Nxd4 Nf6 5.Nc3 a6 6.h3 e6 7.g4 Be7 8.Bg2 O-O 
9.O-O Nfd7 10.f4 Nc6 11.Nde2 b5 12.a3 Bb7 13.Be3 Rc8 14.Qd2 Re8 15.g5 Bf8 
16.Bf2 b4 17.axb4 Nxb4 18.Rfd1 Qc7 19.Ng3 Nb6 20.Nb5 axb5 21.Qxb4 Na4 22.
Qxb5 Bc6 23.Qe2 Rb8 24.Rdb1 Rxb2 25.Rxb2 Nxb2 26.Ra7 Qb8 27.Qa6 Qc8 28.Qa2
Nd1 29.Bd4 Re7 30.Rxe7 Bxe7 31.Bf3 e5 32.Nf5 Bf8 33.fxe5 dxe5 34.Bxe5 Bd7 
35.Bxg7 Bxf5 36.Bxf8 Qxf8 37.exf5 Qc5+ 38.Kh1 Nc3 39.Qa8+ Kg7 40.f6+ Kg6 
41.Qg8+ Kf5 42.Qxh7+ Kf4 43.Qh4+ Ke3 44.Qg3 Kd2 45.Qg2+ Kc1 46.Qg1+ Qxg1+ 
47.Kxg1 Kxc2 48.g6 1-0

[Event "Continental"]
[Site "Sao Paulo BRA"]
[Date "2009.08.01"]
[Round "10.23"]
[White "Matsuura, Frederico"]
[Black "Perdomo, Leandro"]
[Result "1-0"]
[WhiteElo "2303"]
[BlackElo "2409"]
[EventDate "2009.07.25"]
[PlyCount "97"]

1.d4 Nf6 2.c4 g6 3.Nc3 Bg7 4.Nf3 O-O 5.e4 d6 6.Be2 Nbd7 7.O-O e5 8.Re1 c6 
9.Bf1 a5 10.Be3 Ng4 11.Bg5 f6 12.Bc1 exd4 13.Nxd4 f5 14.h3 Qf6 15.hxg4 
Qxd4 16.gxf5 gxf5 17.Be3 Qxd1 18.Raxd1 f4 19.Bd4 Ne5 20.c5 dxc5 21.Bxc5 
Re8 22.Be2 Be6 23.Bh5 Red8 24.Be7 Rxd1 25.Rxd1 Nc4 26.b3 Bxc3 27.bxc4 Bxc4
28.Rc1 Bf7 29.Rxc3 Bxh5 30.Bd6 f3 31.gxf3 Rd8 32.Bc7 Rd2 33.Rc5 Bf7 34.a4 
Bb3 35.Rxa5 Rd3 36.Kg2 Bd1 37.Rg5+ Kf7 38.Rf5+ Kg6 39.a5 c5 40.Bb6 c4 41.
Be3 Ra3 42.Rb5 Rb3 43.Rc5 c3 44.f4 c2 45.Kg3 Rb4 46.f5+ Kf6 47.Kf4 Be2 48.
Rc7 h5 49.Bc1 1-0

[Event "Continental"]
[Site "Sao Paulo BRA"]
[Date "2009.08.01"]
[Round "10.24"]
[White "Delgado Ramirez, Neuris"]
[Black "Shumyatsky, Victor"]
[Result "1-0"]
[WhiteElo "2574"]
[BlackElo "2175"]
[EventDate "2009.07.25"]
[PlyCount "97"]

1.e4 c5 2.Nf3 Nc6 3.Bb5 d6 4.O-O Bd7 5.Re1 Nf6 6.c3 a6 7.Ba4 b5 8.Bc2 e5 
9.d3 g6 10.a4 Bg7 11.h3 O-O 12.Be3 Qc7 13.Qd2 Rfe8 14.axb5 axb5 15.Na3 Qb7
16.Bh6 Rad8 17.Bxg7 Kxg7 18.d4 exd4 19.cxd4 Nb4 20.e5 dxe5 21.dxe5 Nfd5 
22.Be4 Bc6 23.Qg5 h6 24.Qg3 Nc7 25.Bxc6 Qxc6 26.Nh4 Kh7 27.Rad1 Ne6 28.Nb1
Nd4 29.Rd2 g5 30.Rxd4 cxd4 31.Nf3 Qg6 32.Nbd2 Nd3 33.Re4 Nf4 34.Rxf4 gxf4 
35.Qxf4 d3 36.Nh4 Qg7 37.Qe4+ Kh8 38.f4 Rd7 39.Nhf3 Rc8 40.Kh2 Rg8 41.g4 
Rc8 42.Kg3 Rc2 43.Qa8+ Kh7 44.Ne4 Qh8 45.Nf6+ Kg7 46.Nh5+ Kh7 47.Qe4+ Kg8 
48.Nf6+ Kg7 49.Nxd7 1-0

[Event "Continental"]
[Site "Sao Paulo BRA"]
[Date "2009.08.01"]
[Round "10.25"]
[White "Viana da Costa, Fernando"]
[Black "Zapata, Alonso"]
[Result "0-1"]
[WhiteElo "2284"]
[BlackElo "2523"]
[EventDate "2009.07.25"]
[PlyCount "98"]

1.c4 g6 2.Nf3 Bg7 3.g3 d6 4.Bg2 e5 5.Nc3 Nc6 6.O-O Nf6 7.d3 O-O 8.Rb1 a5 
9.a3 h6 10.b4 axb4 11.axb4 Be6 12.b5 Ne7 13.Bb2 Qd7 14.c5 Bh3 15.Qb3 Bxg2 
16.Kxg2 Ne8 17.cxd6 cxd6 18.Rfc1 Nc7 19.Ba3 Ne6 20.Na4 Qd8 21.Qb4 Re8 22.
Rc4 d5 23.Rcc1 d4 24.Qb3 Nd5 25.Rc4 Qd7 26.Bc1 Kh7 27.Bd2 f5 28.e4 dxe3 
29.fxe3 e4 30.dxe4 fxe4 31.Rxe4 Rxa4 32.Rxe6 Rxe6 33.Qxa4 Nxe3+ 34.Bxe3 
Rxe3 35.Rf1 Qd5 36.Rf2 Rb3 37.Qf4 Rxb5 38.Rd2 Qc6 39.h4 Rf5 40.Qe3 b5 41.
g4 Re5 42.Qd3 Re4 43.Kg3 Qe6 44.Qxb5 Qxg4+ 45.Kf2 Rf4 46.Qd5 Rf5 47.Qb7 
Qxh4+ 48.Kg2 Qg4+ 49.Kf2 h5 0-1

[Event "Continental"]
[Site "Sao Paulo BRA"]
[Date "2009.08.01"]
[Round "10.26"]
[White "Oliveira, Jefferson dos Santos"]
[Black "Matsuura, Everaldo"]
[Result "0-1"]
[WhiteElo "2274"]
[BlackElo "2491"]
[EventDate "2009.07.25"]
[PlyCount "86"]

1.d4 d5 2.c4 e6 3.Nc3 c6 4.Nf3 dxc4 5.e4 b5 6.a4 Bb4 7.Qc2 Bb7 8.Be2 a6 9.
O-O Nd7 10.Rd1 Ne7 11.e5 Nd5 12.Ng5 Qe7 13.Bh5 g6 14.Bf3 O-O-O 15.Nge4 f6 
16.Nxd5 cxd5 17.Nxf6 Qf7 18.Nxd7 Rxd7 19.Bd2 Qe7 20.axb5 axb5 21.Ra7 Kb8 
22.Rda1 Rc8 23.Bc3 Rc6 24.R7a2 Rb6 25.Rb1 Rc7 26.g3 Rcc6 27.h4 Bxc3 28.
bxc3 b4 29.Rab2 b3 30.Qd2 Ra6 31.Kg2 Kc7 32.h5 g5 33.Bg4 Ra8 34.f4 gxf4 
35.gxf4 Rca6 36.Kf3 Ra2 37.h6 Qh4 38.Bxe6 Qxh6 39.Bg4 Rxb2 40.Rxb2 Ra1 41.
f5 Rf1+ 42.Ke2 Qh1 43.Qg5 Qg2+ 0-1

[Event "Continental"]
[Site "Sao Paulo BRA"]
[Date "2009.08.01"]
[Round "10.27"]
[White "Bittencourt, Jorge"]
[Black "Romero Pino, Claudio"]
[Result "1-0"]
[WhiteElo "2471"]
[BlackElo "2299"]
[EventDate "2009.07.25"]
[PlyCount "65"]

1.e4 c5 2.Nf3 d6 3.d4 cxd4 4.Nxd4 Nf6 5.Nc3 a6 6.Be3 e5 7.Nb3 Be6 8.f4 Ng4
9.Bd2 Qb6 10.Qf3 exf4 11.Qxf4 Be7 12.Nd5 Bxd5 13.Qxg4 Bc6 14.Qxg7 Rf8 15.
Bd3 Nd7 16.Qd4 Qc7 17.Rf1 Nc5 18.Qe3 Nxb3 19.axb3 Qd7 20.g3 Bb5 21.Rf5 
Bxd3 22.Qxd3 O-O-O 23.O-O-O Qe6 24.Rdf1 Rde8 25.Kb1 Bd8 26.R1f4 Bc7 27.Bb4
Qh6 28.Rxf7 Rxf7 29.Rxf7 Kb8 30.Qc4 Rc8 31.Qd5 Qxh2 32.Bxd6 Qg1+ 33.Ka2 
1-0

[Event "Continental"]
[Site "Sao Paulo BRA"]
[Date "2009.08.01"]
[Round "10.28"]
[White "Di Berardino, Diego Rafael"]
[Black "Quinones Paucar, Cesar"]
[Result "1/2-1/2"]
[WhiteElo "2453"]
[BlackElo "2318"]
[EventDate "2009.07.25"]
[PlyCount "99"]

1.e4 e5 2.Bc4 Nf6 3.d3 Bc5 4.Nc3 c6 5.Nf3 d6 6.O-O O-O 7.Bb3 Bg4 8.Ne2 
Nbd7 9.Ng3 Bb6 10.h3 Be6 11.Qe2 Nc5 12.Bg5 h6 13.Be3 a5 14.Bxc5 Bxc5 15.c3
Bb6 16.Bc2 Re8 17.Kh1 Qd7 18.a3 Rad8 19.Rad1 Qc8 20.Kh2 Bc7 21.Nh4 d5 22.
Nhf5 Bxf5 23.Nxf5 h5 24.Qf3 Qe6 25.Kh1 dxe4 26.dxe4 g6 27.Ne3 Bb6 28.Qe2 
Rxd1 29.Rxd1 Rd8 30.Rxd8+ Bxd8 31.a4 Kg7 32.Nc4 Nd7 33.b3 Bc7 34.Qe3 b5 
35.Nd2 Bb6 36.Qe2 bxa4 37.bxa4 Qa2 38.Nb1 Nc5 39.Qd1 Ne6 40.Bb3 Qxf2 41.
Bxe6 fxe6 42.Nd2 Qc5 43.Nf3 Qxc3 44.Qd7+ Kh6 45.Qe8 Qc1+ 46.Kh2 Qf4+ 47.
Kh1 Qc1+ 48.Kh2 Qf4+ 49.Kh1 Qc1+ 50.Kh2 1/2-1/2

[Event "Continental"]
[Site "Sao Paulo BRA"]
[Date "2009.08.01"]
[Round "10.29"]
[White "Perez Garcia, Rodney Oscar"]
[Black "Guimaraes, Wagner Peixoto"]
[Result "1-0"]
[WhiteElo "2446"]
[BlackElo "2291"]
[EventDate "2009.07.25"]
[PlyCount "61"]

1.e4 e6 2.d4 d5 3.Nc3 Bb4 4.Ne2 Nf6 5.e5 Ne4 6.Qd3 c5 7.a3 Ba5 8.dxc5 
Bxc3+ 9.Nxc3 Nxc5 10.Qg3 Kf8 11.Be3 Ncd7 12.O-O-O Nc6 13.f4 a6 14.Be2 Ne7 
15.Qf2 Nf5 16.g4 Nxe3 17.Qxe3 Qc7 18.Bd3 b5 19.Ne2 g5 20.Rhf1 h6 21.Nd4 
Ke8 22.Rde1 Rb8 23.fxg5 Nc5 24.g6 b4 25.Rxf7 Bd7 26.a4 b3 27.c3 Qxe5 28.
Qxe5 Nxd3+ 29.Kd2 Nxe5 30.Rxe5 Rg8 31.Rh7 1-0

[Event "Continental"]
[Site "Sao Paulo BRA"]
[Date "2009.08.01"]
[Round "10.30"]
[White "Uribe Bedoya, Mauricio"]
[Black "Bueno Junior, Alfeu Varela"]
[Result "1/2-1/2"]
[WhiteElo "2413"]
[BlackElo "2262"]
[EventDate "2009.07.25"]
[PlyCount "93"]

1.e4 e6 2.d4 d5 3.Nc3 Nf6 4.e5 Nfd7 5.f4 c5 6.Nf3 Nc6 7.Be3 cxd4 8.Nxd4 
Bc5 9.Qd2 a6 10.O-O-O O-O 11.Kb1 Nxd4 12.Bxd4 b5 13.h4 b4 14.Na4 Bxd4 15.
Qxd4 Qc7 16.Rh3 Qa5 17.b3 Bb7 18.c3 bxc3 19.Rxc3 Rfc8 20.Rdc1 Rxc3 21.Rxc3
f6 22.exf6 gxf6 23.Be2 Kf7 24.Bg4 Rg8 25.Qa7 Rxg4 26.Qxb7 Qb5 27.Nb6 Kg6 
28.Qxd7 Qf1+ 29.Kb2 Qf2+ 30.Ka3 Qxb6 31.f5+ exf5 32.Qe8+ Kg7 33.Qe7+ Kh6 
34.Qf8+ Kh5 35.Qf7+ Kh6 36.Qf8+ Kh5 37.Qf7+ Kh6 38.Qxd5 a5 39.Rc4 Qa7 40.
Ka4 Qf2 41.a3 Rxg2 42.Qe6 Rg6 43.Kxa5 Qa7+ 44.Kb4 Qb7+ 45.Ka4 Qa7+ 46.Kb4 
Qb7+ 47.Ka4 1/2-1/2

[Event "Continental"]
[Site "Sao Paulo BRA"]
[Date "2009.08.01"]
[Round "10.31"]
[White "Espinosa Flores, Rafael"]
[Black "Cordoba Ramirez, Carlos"]
[Result "1-0"]
[WhiteElo "2401"]
[BlackElo "2268"]
[EventDate "2009.07.25"]
[PlyCount "53"]

1.e4 e6 2.d4 d5 3.Nc3 Bb4 4.Bd3 c5 5.exd5 Qxd5 6.Kf1 Bxc3 7.bxc3 Nf6 8.Nf3
c4 9.Be2 Ne4 10.Qe1 Nc6 11.h4 O-O 12.Ng5 Nf6 13.f4 Bd7 14.a4 h6 15.Nf3 Ne4
16.Ba3 Rfd8 17.Ne5 Qa5 18.Bb4 Qc7 19.Bf3 a5 20.Be7 Nxe7 21.Bxe4 Nd5 22.Rh3
Bc8 23.Rg3 f6 24.Ng4 Nxf4 25.Nxf6+ Kh8 26.Qe3 Nh5 27.Qxh6+ 1-0

[Event "Continental"]
[Site "Sao Paulo BRA"]
[Date "2009.08.01"]
[Round "10.32"]
[White "Mosquera Klinger, Miguel"]
[Black "Gattass, Allan"]
[Result "0-1"]
[WhiteElo "2393"]
[BlackElo "2249"]
[EventDate "2009.07.25"]
[PlyCount "44"]

1.e4 c5 2.Nf3 e6 3.d4 cxd4 4.Nxd4 a6 5.Nc3 b5 6.Be3 Bb7 7.f3 d6 8.Qd2 Nf6 
9.O-O-O Nbd7 10.g4 Nb6 11.Bd3 d5 12.g5 Nfd7 13.g6 hxg6 14.exd5 Nxd5 15.
Nxe6 fxe6 16.Bxg6+ Ke7 17.Nxd5+ Bxd5 18.Qb4+ Kf6 19.Qg4 Ke7 20.Rhe1 Qa5 
21.Bg5+ Nf6 22.Qxe6+ Bxe6 0-1

[Event "Continental"]
[Site "Sao Paulo BRA"]
[Date "2009.08.01"]
[Round "10.33"]
[White "Avalos Parra, Joao"]
[Black "Orsini, Antonio"]
[Result "0-1"]
[WhiteElo "2243"]
[BlackElo "2376"]
[EventDate "2009.07.25"]
[PlyCount "58"]

1.d4 Nf6 2.c4 g6 3.Nc3 Bg7 4.e4 d6 5.Nf3 O-O 6.Be2 Na6 7.O-O e5 8.Be3 Ng4 
9.Bg5 Qe8 10.c5 exd4 11.Nd5 h6 12.Bh4 g5 13.Bg3 c6 14.Bxd6 cxd5 15.exd5 b6
16.c6 Qd8 17.Bxf8 Kxf8 18.Bc4 Qd6 19.Re1 Nc7 20.h3 Ne5 21.Nxe5 Bxe5 22.Qf3
Kg7 23.Qe4 Bf6 24.a4 Ba6 25.b3 Rd8 26.Qd3 Bc8 27.Rac1 Nxd5 28.Bxd5 Qxd5 
29.c7 Bb7 0-1

[Event "Continental"]
[Site "Sao Paulo BRA"]
[Date "2009.08.01"]
[Round "10.34"]
[White "Assumpcao, Roberto"]
[Black "Rodi, Luis Ernesto"]
[Result "1-0"]
[WhiteElo "2234"]
[BlackElo "2375"]
[EventDate "2009.07.25"]
[PlyCount "85"]

1.e4 e5 2.Nf3 Nc6 3.Bb5 a6 4.Ba4 b5 5.Bb3 Nf6 6.Qe2 Be7 7.d4 d6 8.dxe5 
dxe5 9.c3 Bg4 10.h3 Bh5 11.Nbd2 O-O 12.Nf1 Na5 13.Ng3 Nxb3 14.axb3 Bxf3 
15.Qxf3 Re8 16.Nf5 Bf8 17.Bg5 Re6 18.O-O Qe8 19.Ne3 c6 20.b4 Nd7 21.Rfd1 
Rg6 22.Bh4 Nb6 23.Rd2 Be7 24.Bxe7 Qxe7 25.Rad1 h6 26.Nf5 Qe8 27.b3 Kh7 28.
Nd6 Qe6 29.Qxf7 a5 30.Qxe6 Rxe6 31.bxa5 Rxa5 32.Nb7 Ra7 33.Nc5 Rf6 34.Rd8 
Ra2 35.R1d2 Rxd2 36.Rxd2 Nc8 37.Rd8 Ne7 38.Nd7 Rf7 39.Nxe5 Rf4 40.f3 h5 
41.Rd7 Ng8 42.Nxc6 Nf6 43.Rb7 1-0

[Event "Continental"]
[Site "Sao Paulo BRA"]
[Date "2009.08.01"]
[Round "10.35"]
[White "Madeira, Wagner Martins"]
[Black "Oliveira, Silvio Eduardo"]
[Result "1-0"]
[WhiteElo "2184"]
[BlackElo "2357"]
[EventDate "2009.07.25"]
[PlyCount "121"]

1.e4 c5 2.c3 Nf6 3.e5 Nd5 4.d4 cxd4 5.Nf3 Nc6 6.cxd4 e6 7.Bc4 d6 8.O-O Be7
9.Qe2 O-O 10.Nc3 Nxc3 11.bxc3 dxe5 12.dxe5 Qc7 13.Qe4 b6 14.Bd3 g6 15.Bh6 
Rd8 16.Rad1 Bb7 17.Qf4 Rd7 18.Be4 Rxd1 19.Rxd1 Rd8 20.Re1 f5 21.exf6 Qxf4 
22.Bxf4 Bxf6 23.h3 Kf7 24.Ng5+ Bxg5 25.Bxg5 Rd7 26.Re3 Na5 27.Rf3+ Ke8 28.
Bxb7 Nxb7 29.Bh6 Nc5 30.Rf8+ Ke7 31.Rc8 Kd6 32.c4 Ke5 33.Be3 Ne4 34.c5 
bxc5 35.f3 Nf6 36.Rxc5+ Nd5 37.Ra5 Rc7 38.Bxa7 Rc2 39.Kh2 Kd6 40.h4 h5 41.
Kg3 Ne7 42.a4 Nf5+ 43.Kh3 Rc1 44.g4 hxg4+ 45.Kxg4 Rh1 46.Bb8+ Ke7 47.Be5 
Rg1+ 48.Kf4 Nxh4 49.Ra7+ Ke8 50.Bf6 g5+ 51.Ke5 Nxf3+ 52.Kxe6 Re1+ 53.Kf5 
g4 54.Kxg4 Ne5+ 55.Kf5 Nd7 56.Bd4 Kd8 57.a5 Kc8 58.a6 Re2 59.Ra8+ Kc7 60.
Rh8 Ra2 61.a7 1-0

[Event "Continental"]
[Site "Sao Paulo BRA"]
[Date "2009.08.01"]
[Round "10.36"]
[White "Brito, Luismar"]
[Black "Quintiliano Pinto, Renato Rodrigues"]
[Result "1-0"]
[WhiteElo "2351"]
[BlackElo "2059"]
[EventDate "2009.07.25"]
[PlyCount "65"]

1.e4 c5 2.Ne2 d6 3.Nbc3 Nf6 4.d4 cxd4 5.Nxd4 g6 6.Be3 Bg7 7.f3 O-O 8.Qd2 
Nc6 9.Bc4 Bd7 10.Bb3 Rc8 11.h4 h5 12.Nde2 Ne5 13.Bxa7 b5 14.Bd4 b4 15.Nd1 
Bb5 16.Bxe5 dxe5 17.Qxb4 Bxe2 18.Kxe2 Bh6 19.Ne3 Rb8 20.Qc3 Rc8 21.Nc4 Rc5
22.Rad1 Qc7 23.Qd3 Rc8 24.Ne3 Rc6 25.Rhe1 Bf4 26.c3 Bg3 27.Rh1 Bf4 28.Kf2 
Qb6 29.g3 Bh6 30.Rhe1 Rd6 31.Qe2 Rcd8 32.Rxd6 Rxd6 33.Kf1 1-0

[Event "Continental"]
[Site "Sao Paulo BRA"]
[Date "2009.08.01"]
[Round "10.37"]
[White "Restuccia, Francisco"]
[Black "Dos Santos, Ramiro"]
[Result "0-1"]
[WhiteElo "2136"]
[BlackElo "2438"]
[EventDate "2009.07.25"]
[PlyCount "106"]

1.e4 e5 2.d4 exd4 3.Qxd4 Nc6 4.Qe3 Nf6 5.Nc3 d6 6.Bc4 g6 7.Bd2 Bg7 8.O-O-O
O-O 9.f3 Ne5 10.Bb3 Be6 11.h4 Bxb3 12.axb3 Re8 13.g4 d5 14.Be1 c6 15.g5 
Nh5 16.f4 Nd7 17.e5 f6 18.gxf6 Bh6 19.Nh3 Rxe5 20.Qd4 Qxf6 21.Bd2 Ree8 22.
Qxf6 Ndxf6 23.Rde1 Ng3 24.Rhg1 Nge4 25.Nxe4 Nxe4 26.Ng5 Bxg5 27.fxg5 a5 
28.Bf4 Rf8 29.Be5 Rf2 30.h5 gxh5 31.g6 h6 32.g7 Rf5 33.Bc3 Rg5 34.Rh1 Rd8 
35.Bd4 c5 36.Be3 Rf5 37.Bxh6 Rd6 38.Bd2 Kxg7 39.Bxa5 Ra6 40.Bc3+ d4 41.Kb1
Rf4 42.Reg1+ Rg6 43.Ba5 Rxg1+ 44.Rxg1+ Rg4 45.Rh1 Kh6 46.Bb6 h4 47.Ka2 Kh5
48.b4 Ng3 49.Rh3 c4 50.Bd8 Ne2 51.b5 d3 52.cxd3 cxd3 53.Kb3 Rd4 0-1